<?xml version="1.0" encoding="UTF-8"?>
<record
    xmlns:xsi="http://www.w3.org/2001/XMLSchema-instance"
    xsi:schemaLocation="http://www.loc.gov/MARC21/slim http://www.loc.gov/standards/marcxml/schema/MARC21slim.xsd"
    xmlns="http://www.loc.gov/MARC21/slim">

  <leader>00372nam a2200133 a 4500</leader>
  <controlfield tag="008">110217s2003||||                        d</controlfield>
  <datafield tag="245" ind1="1" ind2="0">
    <subfield code="a">Hlas du&#x161;e</subfield>
    <subfield code="b">Nejzn&#xE1;m&#x11B;j&#x161;&#xED; v&#xFD;klady nejslavn&#x11B;j&#x161;&#xED;ho americk&#xE9;ho senzibila</subfield>
  </datafield>
  <datafield tag="100" ind1="1" ind2=" ">
    <subfield code="a">Cayce, Edgar</subfield>
  </datafield>
  <datafield tag="700" ind1="1" ind2=" ">
    <subfield code="a">Thurson, M. A.</subfield>
  </datafield>
  <datafield tag="260" ind1=" " ind2=" ">
    <subfield code="b">Eko-konzult</subfield>
    <subfield code="a">Bratislava</subfield>
    <subfield code="c">2003</subfield>
  </datafield>
  <datafield tag="020" ind1=" " ind2=" ">
    <subfield code="c">99,42</subfield>
  </datafield>
  <datafield tag="044" ind1=" " ind2=" ">
    <subfield code="a">xo</subfield>
    <subfield code="c">SK</subfield>
  </datafield>
  <datafield tag="041" ind1=" " ind2=" ">
    <subfield code="a">slo</subfield>
  </datafield>
  <datafield tag="999" ind1=" " ind2=" ">
    <subfield code="c">17493</subfield>
    <subfield code="d">17493</subfield>
  </datafield>
  <datafield tag="952" ind1=" " ind2=" ">
    <subfield code="0">0</subfield>
    <subfield code="1">0</subfield>
    <subfield code="2">udc</subfield>
    <subfield code="4">0</subfield>
    <subfield code="7">0</subfield>
    <subfield code="8">K</subfield>
    <subfield code="a">10000</subfield>
    <subfield code="b">10000</subfield>
    <subfield code="d">2019-11-29</subfield>
    <subfield code="g">99.42</subfield>
    <subfield code="i">16326</subfield>
    <subfield code="l">1</subfield>
    <subfield code="o">I0623</subfield>
    <subfield code="p">I0623</subfield>
    <subfield code="r">2022-01-07</subfield>
    <subfield code="s">2021-11-12</subfield>
    <subfield code="w">2019-11-29</subfield>
    <subfield code="y">OLDO</subfield>
  </datafield>
</record>
